|
|
|
|
| LEADER |
00640cam a2200169 7i4500 |
| 001 |
0000028995 |
| 005 |
20130109090000.0 |
| 090 |
0 |
0 |
|a P 629.287
|b MAL
|
| 110 |
2 |
0 |
|a Malaysia External Trade Development Corporation (MATRADE)
|
| 245 |
2 |
0 |
|a Opportunities for rubber - based automotive parts & components in Mexico 2011 :
|b product market study.
|
| 260 |
0 |
0 |
|a Mexico City:
|b MATRADE Mexico City,
|c 2011.
|
| 300 |
# |
# |
|a 31 p.
|
| 440 |
0 |
0 |
|a Product market study : 2011
|
| 650 |
0 |
0 |
|a Automobiles --
|x Markets --
|z Mexico
|
| 650 |
0 |
0 |
|a Automotive parts --
|x Markets --
|z Mexico
|
| 651 |
0 |
0 |
|a Mexico
|
| 999 |
|
|
|a 0000030971
|b Book
|c Products
|e Business Information Centre
|